000 01136nam a22002537a 4500
005 20170124102959.0
010 _aB-073004
020 _c300.00
_a8186747117
035 _aB-073004
037 _bCen Lib/Ret
040 _aDPL
_bHN
082 _a821.08
_bप्रमिला
100 _aप्रमिला सिंह
_954243
245 _aस्वांतत्र्योत्तर गीति नाट्य-काव्य /
_cप्रमिला सिंह
246 _aSwanttryottar geeti natye-kavye /
_bby Pramila Singh
260 _bअनंग प्रकाशन
_c2001
_aदिल्ली
270 _aबी-202, गली मन्दिर वाली, उत्तरी घोंडा
_bदिल्ली
_e110053
300 _a264पृ.
_c21सेमी (सजिल्द)
650 _aहिन्दी -- साहित्य
_954244
650 _aहिन्दी -- नाट्य-काव्य
_954246
650 _aHindi -- Literature
_954248
650 _aHindi - Theater-poetry
_954250
942 _2ddc
_cHN
_h821.08
_mप्रमिला
999 _c113876
_d113876